| 000 | 00544nam a22001697i 4500 | ||
|---|---|---|---|
| 020 | _a9714204542 | ||
| 050 | 1 | 4 |
_aPL 5531 _bS275 |
| 100 | _aSaymo, Apolinario S. | ||
| 245 |
_aPhilippine literature _cApolinario S. Saymo, Judy Imelda Igoy |
||
| 264 | 1 |
_aMeycauayan, Bulacan: _bTrinitas publishing, _c2004. |
|
| 300 |
_a372 pages; _c26 cm. |
||
| 336 |
_atext _btxt _2rdacontent |
||
| 337 |
_aunmediated _bn _2rdamedia |
||
| 338 |
_avolume _bnc _2rdacarrier |
||
| 650 | _a1.Philippine literature--Collections. I.Igoy, Judy Imelda. II.Title | ||
| 942 | _cF | ||
| 999 |
_c4038 _d4038 |
||